Statistics for 10 Longest Books of the Bible

Click here to take the quiz!

General Stats

  • This quiz has been taken 62 times
  • The average score is 7 of 10

Answer Stats

WordsBook% Correct
32,046Genesis
97%
30,147Psalms
97%
25,957Exodus
90%
25,608Isaiah
81%
33,002Jeremiah
76%
23,008Deuteronomy
74%
25,048Numbers
74%
29,918Ezekiel
57%
21,3492 Chronicles
53%
20,8371 Samuel
47%

Score Distribution

Percentile by Number Answered

Percent of People with Each Score

Your Score History

You have not taken this quiz